000 00706nam a2200205Ia 4500
003 GCL
008 140319s9999 xx 000 0 ara d
040 _aGCL /
_cGCL
082 0 4 _a411.1
_bع ا
100 1 _aعبدالصبور شاهين
245 1 0 _aاثر القراءات فى الاصوات والنحو العربى /
_cعبدالصبور شاهين
700 1 _aابو عمرو بن العلاء : زبان بن عمار التميمى المازنى البصرى
260 _a[S.N] :
_bمكتبة الخانجى ،
_c1987
300 _a444 ص
490 _a
650 0 4 _aالنحو
650 0 4 _aالاصوات اللغوية
650 0 4 _aاللغة العربية
942 _2ddc
_cBK
999 _c36891
_d36891